000 01061nam a2200277 i 4500
001 185679
003 SpMaBN
005 20250821111723.0
008 160802s2000 sp |||| | spa d
020 _a84-8306-303-4
080 _a242
245 0 0 _aImitación de Cristo
_b: (primer tratado) /
_cTomás de Kempis ; prólogo de Enrique Miret Magdalena ; [versión atribuida a Fray Luis de Granada ; presentación, Carlos García Gual].
246 3 5 _aImitación de Cristo
_b: (Contemptus mundi)
250 _a1ª ed.
260 _aMadrid :
_bDebate,
_c2000.
300 _a124 p. ;
_c20 cm.
490 1 _aSiete libros sobre el arte de vivir ;
_v3
650 0 7 _aMeditaciones.
_914983
700 0 _aThomas a Kempis.
_9110051
700 1 _aMiret Magdalena, Enrique.
_981583
700 0 _aLuis de Granada,
_c(O.P.),
_d1504-1588
_974687
700 1 _aGarcía Gual, Carlos.
_954728
830 0 _aSiete libros sobre el arte de vivir ;
_v3
_9225265
852 _aES-MaACL
_jL-30495
_z- enc. cart.
_z. - Donat. Miguel A. Velasco
999 _c185679
_d185679